000 00465nam a2200193Ia 4500
005 20240823055613.0
008 240823s9999||||xx |||||||||||||| ||und||
041 _aENGLISH
082 _A535 Q5
100 _aKakani S L
245 0 _aApplied Physics : Theory and Practicals
250 _a1st
260 _c2015
_bViva Books Private Li
500 _aYES
650 _aApplied Physics
_bPhysics
700 _aShubhra Kakani
942 _cBK
999 _c229176
_d229176